MATRICS (Record no. 5336)

MARC details
000 -LEADER
fixed length control field 00416nam a22001817a 4500
005 - DATE AND TIME OF LATEST TRANSACTION
control field 20180521120826.0
008 - FIXED-LENGTH DATA ELEMENTS--GENERAL INFORMATION
fixed length control field 170330b xxu||||| |||| 00| 0 eng d
020 ## - INTERNATIONAL STANDARD BOOK NUMBER
ISBN 978-81-8283-729-4
041 ## - LANGUAGE CODE
Language code of text/sound track or separate title eng
082 ## - DEWEY DECIMAL CLASSIFICATION NUMBER
Classification number 512.9434
100 ## - MAIN ENTRY--AUTHOR NAME
Personal name VASISHTHA ,A. R
245 ## - TITLE STATEMENT
Title MATRICS
250 ## - EDITION STATEMENT
Edition statement 49TH
260 ## - PUBLICATION, DISTRIBUTION, ETC. (IMPRINT)
Name of publisher KRISHNA PRAKASHAN MEDIA
Year of publication 2017
300 ## - PHYSICAL DESCRIPTION
Number of Pages 384
650 ## - SUBJECT ADDED ENTRY--TOPICAL TERM
Topical Term ENGINEERING
942 ## - ADDED ENTRY ELEMENTS (KOHA)
Koha item type Books
Holdings
Lost status Damaged status Collection code Home library Current library Shelving location Date acquired Source of acquisition Cost, normal purchase price Full call number Accession Number Koha item type
    CS/IT JRU Library JRU Library SHELF-57-C 28/03/2017 PURCHASE 270.00 512.9434 21494 Books
      JRU Library   SHELF-28-F 28/03/2017 PURCHASE 270.00 512.9434 21495 Books
    CS/IT JRU Library JRU Library SHELF-57-C 28/03/2017 PURCHASE 270.00 512.9434 21496 Books